| 000 | 00423nam a22001337a 4500 | ||
|---|---|---|---|
| 082 | _aBESE-1 NYL | ||
| 100 |
_aNyla Afzal _992542 |
||
| 245 | _aEvaluating effectiveness of rodin animators for consistency checking | ||
| 260 |
_aNUST SEECS Islamabad _bNUST SEECS Islamabad _c2014 |
||
| 300 | _a137 | ||
| 500 | _aSupervisor;DR Osman Hasan | ||
| 856 | _uhttp://10.250.8.41:8080/xmlui/handle/123456789/8360 | ||
| 942 |
_cBK _2ddc |
||
| 999 |
_c12977 _d12977 |
||